000 00436nam a2200169 i 4500
001 bg
100 1 _aANDRZEJAK, Sabina
245 0 _aKoszty kształcenia w szkołach wyższych /
_cSabina Andrzejak.
260 _aWarszawa,
_c1982.
650 9 _aNauczanie
_xzagadnienia
650 9 _aKształcenie
_xzagadnienia
040 _cBPK
041 _apol
080 _a378.3(438)
942 _cKS
008 s pl f |000 0 pol
999 _c20595
_d20595
856 _uhttp://koha.tu.koszalin.pl/cgi-bin/koha/opac-detail.pl?biblionumber=20595
_yKatalog online BPK